[Event "Tan Chin Nam Cup 7th"]
[Site "Shanghai"]
[Date "2001.??.??"]
[Round "8"]
[White "Bologan, Viktor"]
[Black "Ye, Jiangchuan"]
[Result "1-0"]
[WhiteElo "2655"]
[BlackElo "2675"]
[Annotator "Bologan,V"]
[PlyCount "103"]
[EventDate "2001.07.09"]
[EventType "tourn"]
[EventRounds "9"]
[EventCountry "CHN"]
[EventCategory "16"]
[SourceTitle "CBM 085"]
[Source "ChessBase"]
[SourceDate "2001.11.13"]
[SourceVersion "1"]
[SourceVersionDate "2001.11.13"]
[SourceQuality "1"]

1. e4 {Ribli} c5 2. Nf3 e6 3. d4 cxd4 4. Nxd4 a6 {Novelty in our encounters.
Previously we had one Paulsen with Nc6, one Rauzer and one Scheveningen.} 5.
Nc3 Qc7 6. Bd3 Nc6 7. Nxc6 dxc6 8. O-O e5 {One of the main specialist on this
line is considered Normunds Miezis from Latvia. Surprisingly he's got a good
score in this system against good grandmasters.} 9. f4 Nf6 10. Kh1 {! Waiting
for black to determinate his f8 bishop position on d6, which after inevitable
f5 looks like a waist of tempo.} Bd6 {Ribli: 'Das ist die übliche Fortsetzung
- der andere Läuferzug kommt aber auch sehr stark in Betracht. '} (10... Bc5 $5
{Ribli Meines Erachtens ist dieser Zug die beste Fortsetzung für Schwarz - auf
11.fxe5 könnte Schwarz einfach mit 11...Ng4 antworten, und in Varianten mit
f4-f5 steht der Läufer aktiver auf c5 als auf d6.}) 11. f5 b5 (11... h5 {Ribli}
12. Be3 $1 (12. a4 Bc5 13. Qf3 a5 14. Qg3 Kf8 15. Bg5 Bd7 16. Rad1 Re8 17. Be2
Bc8 18. Qh4 Ke7 19. Rd3 Rd8 20. Nd1 Rxd3 21. Bxd3 Qd8 22. Ne3 Bd4 {1/2-1/2
Ponomariov,R-Miezis,N/Bad Wiessee 1999/EXT 2000 (41)}) 12... b5 13. a4 b4 $6
14. Nb1 Qe7 15. Nd2 $16 {1-0 Lanka,Z-Rodewis,T/Germany 1992/TD (26)}) 12. a4 {
Ribli: 'Weiß provoziert b5-b4, danach kann er Nb1-Nd2-Nc4 spielen, mit
Positionsvorteil.'} (12. Bg5 {Ribli} Bb7 13. a4 Bc5 14. Qe2 h5 15. Nd1 Rd8 16.
Rf3 Qd6 17. Rh3 (17. c3 $5 Rd7 18. Rh3 Ng4 19. Qxg4 Qxd3 $1 20. Rxd3 hxg4 21.
Rxd7 Kxd7 $11) 17... Qd4 18. Be3 Qd6 19. Bg5 Qd4 {1/2-1/2 Tiviakov,S-Miezis,N/
New York 74/(200) 1998/Inf 74/[Tiviakov,S] (30)}) 12... Bb7 {'!?' Ribli. Ribli:
'Dieser Läuferzug wurde erstmals in der Partie Tiviakov,S - Milov,V Groningen
1998 gespielt. Es scheint, dass die forcierten Varianten - mit Opfer auf b5 -
nur zu gleichem Spiel führen. '} (12... Rb8 {Ribli} 13. axb5 axb5 14. Qf3 (14.
Be3 Be7 15. Qf3 O-O 16. g4 h6 17. g5 hxg5 18. Bxg5 Nh7 19. Bxe7 Qxe7 20. Rg1 {
1-0 Weinzettl,E-Todorov,O/Belgrade YUG 2001 (44)}) 14... Bd7 15. Qg3 Kf8 16.
Bg5 Be7 17. Qe3 Ne8 18. Bxe7+ Kxe7 19. Ra6 {1-0 Markovic,Z-Panic,N/Kragujevac
2000/EXT 2001 (44)}) (12... b4 $2 {Ribli} 13. Nb1 h5 14. Nd2 a5 15. Qe1 Bc5 16.
Nf3 Kf8 17. b3 Bb7 18. Bb2 Re8 19. Qg3 Bd6 20. Rad1 $16 {Tiviakov,S-Miezis,N/
Isle of Man 74/(200) 1998/Inf 74/[Tiviakov,S] (20)}) 13. Be3 {!?  Already here
Ididn't know too much theory so I just checked the tempting Ribli: 'Weiß
schließt die Entwicklung ab und kontrolliert die Diagonale g1-a7. Schwarz kann
nun nicht mehr Bc5 spielen.'} (13. axb5 axb5 14. Rxa8+ Bxa8 15. Bxb5 (15. Be3 {
Ribli} Be7 16. Qf3 Nd7 $11 {0-1 Najer,E-Shaposhnikov,E/St Petersburg 2000/CBM
76/[Ribli] (38)}) 15... cxb5 16. Nxb5 Qc6 {!} 17. Qxd6 (17. Nxd6+ Ke7 $17)
17... Qxb5 18. Rd1 Nd7 {'[]' Ribli.} 19. Bg5 f6 20. Qe6+ Kd8 21. Bxf6+ {
Ribli: '1/2-1/2 Tiviakov,S-Milov,V/Groningen 74/200 1998/Inf 74/[Tiviakov,S] 
(29)'} (21. c4 {1/2-1/2 Tiviakov,S-Milov,V/Groningen 74/200 1998/Inf 74/
[Tiviakov,S] (29)}) 21... gxf6 22. Qxf6+ Kc7 23. Qxh8 Bxe4 $13 {and Black has
at list a good counterplay}) (13. Bg5 {was played in order to ask the retreat
to e7 of the black bishop which I would prefere to keep for a better case.}) (
13. Qe2 {!? Was recomended but still not played. Now it's more difficult to
push the typical for this positions c5-c4. Also white gets an extra
possibility to retreat his knight on d1.}) (13. Qe2 $5 {Ribli}) 13... Rd8 (
13... b4 14. Nb1 c5 15. Nd2 $14) (13... Nd7 $2 {Ribli} 14. axb5 axb5 15. Rxa8+
Bxa8 16. Bxb5 $16) 14. Qe2 h6 (14... O-O {Ribli} 15. g4 b4 16. g5 (16. Nb1 c5
17. Nd2 c4 $17) 16... Nd5 $5 (16... bxc3 17. gxf6 $40) 17. Nd1 $13) 15. Nd1 $14
{! The only difference with 15.Nb1 is that from d1 the knight might go to the
king side via either e3 either f2 to g4. '!?' Ribli. Ribli: 'Ein
vielschichtiger Zug - Weiß kann nun entweder mit c2-c4 am Damenflügel oder mit
Nf2 und g2-g4 am Königsflügel spielen. Der Springerzug ist außerdem nützlich,
weil Schwarz in vielen Varianten sonst mit Tempo b4 spielen und den Springer
verjagen kann.'} (15. Nb1 O-O 16. Nd2 $14 {Preparing c4. Now is not working
the mentioned} c5 {?} 17. axb5 axb5 18. Bxb5 Nxe4 19. Nxe4 Bxe4 20. Bxh6 $18)
15... Qe7 {'=' Ribli. Ribli: 'Weiß hat Raumvorteil, aber die schwarze Stellung
ist solide. Der Bb7 steht allerdings etwas passiv.'} 16. Bf2 {/\Bh4} (16. Nf2 {
Ribli} Bc5 17. Bd2 $11) 16... Qc7 {Looks strange but there is not too mch
choice left. If '?!' Ribli.} (16... O-O 17. Bh4 g5 18. fxg6 fxg6 19. axb5 cxb5
20. Ne3 $16) (16... Bc5 {Ribli} 17. Bh4 $5 (17. axb5 axb5 (17... cxb5 18. Bxb5+
$16) 18. Bxc5 Qxc5 $11)) 17. c4 {?! I couldn't stand it. It looked to good to
me to be bad. I spoil black's pawn strcucture get some extra squares for my
pieces open the c file...What I missed is the general assesment of the
position after black's 18th move. Instead the slow '!' Ribli.} (17. Ne3 O-O 18.
Ng4 Be7 19. Nxf6+ Bxf6 20. c4 $16 {would yield whiet a long term stable
advantage.}) 17... bxc4 (17... b4 {Ribli} 18. c5 $14 {[%csl Rb7]}) (17... O-O {
Ribli} 18. axb5 cxb5 19. cxb5 axb5 20. Nc3 $14 (20. Bh4 $14)) 18. Bxc4 {
'+/=' Ribli. Ribli: 'Weiß hat die bessere Bauernstruktur. Der Bb7 steht viel
passiver als der Bc4.'} a5 {!  If I would have my knight on c4 it would be a
different story. Now it's very difficult to get there for exapmle on 19.b3
with the idea of Bd3 black would answer 19...Bb4. Also another point which was
buthering me was the pawn on e4, in some positions especialy when black
manages to swap the blacksquare bishops.} 19. Rc1 O-O 20. Nc3 {It was already
the 8-th round which ofcourse was sensitive. So I decided just to make my
normal moves and to prepare for an eventual simplifications which most
probably would lead to draw.} Bb4 (20... Be7 $5 {Ribli}) 21. Bh4 Be7 {Ribli:
'Schwarz muss sich gegen 22.Bxf6 gxf6 verteidigen.'} 22. Rfd1 {Ribli: 'Weiß
hat einen nur mikroskopisch kleinen Vorteil, und zwar aufgrund der besseren
Bauernstellung.'} Rxd1+ 23. Rxd1 Rd8 24. Rxd8+ Qxd8 25. Qd1 Qxd1+ (25... Qc7
$14 {Ribli}) 26. Nxd1 Bb4 {?! This move doesn't lead away the draw but still
it gives white the opportunity to spoil black's pawn structure. After simple
'?!' Ribli. Ribli: 'Dieser Zug gefällt mir nicht - als Folge hiervon hat
Schwarz mit weiteren strukturellen Schwächen zu kämpfen.'} (26... Kf8 {we
would hardly reach the obligatory 30-th move to agree to draw.}) (26... Kf8 $5
$11 {Ribli}) 27. Bxf6 {'!' Ribli. Ribli: 'Weiß trennt sich von seinem
Läuferpaar, um die schwarze Bauernstruktur am Königsflügel zu korrumpieren.'}
gxf6 28. Kg1 c5 {this move said to me that I might have some chances. I was
afraid of} (28... Bc5+ 29. Kf1 Bd4 {And after inevitable exchange of the
knight to to bishop the ending is dead draw. The fact that Ye doesn't go for
this exchange inspired me for the further play.}) 29. Bd5 Ba6 {!} (29... Bxd5
30. exd5 Bd2 31. Kf2 Kf8 32. Ke2 Bc1 33. Kd3 Ke7 34. b3 Kd6 35. Nc3 Bb2 36.
Ne4+ Kxd5 37. Nxf6+ Kd6 38. g4 $18) 30. Kf2 Bd3 31. Ne3 {I have to go for it.
I disliked} (31. b3 {because of} c4 {!} 32. bxc4 Bc2) 31... Bd2 32. b3 Kf8 {
?! From now on the chinese grandmaster is making a classical kharakiri in 3
steps. 32...Kf8 is only the first step. Instead he could go for the mentioned
exchange and hold his first position in the tournament.} (32... Bxe3+ 33. Kxe3
Ba6 (33... Bf1 {Ribli} 34. g3 $14 {Weiß hat zwar die besseren Chancen, aber
wie kann er weiter vorankommen?}) 34. Bc4 Bb7) 33. Ng4 Kg7 (33... Ke7 $14 {
Ribli}) 34. Kf3 $14 Bf4 {?! Step 2. The only reason fo this strange move I see
in forcing white to play g3 which will unable him later to get his knight on
h5 via f2-g3. If he was realy so worried about this maneuvre he could play} (
34... h5 35. Nf2 Bc2 36. Ke2 Bc3 37. h4 Bd4 38. Nh1 c4 {! this is always in
the air} 39. Bxc4 Bxe4 40. Ng3 Bxg2 41. Nxh5+ Kf8 42. Nxf6 e4 {even been a
pawn down black has very good chances to draw}) (34... Bc2 $14 {Ribli}) 35. Nf2
Ba6 {?! Step 3. Better was} (35... Bc2 {trying to limit the knight} 36. Ke2 Bc1
37. Ng4 {the only way to try to reach a progress now with the bishop is
conveniente for white to exchange the knight to the blacksquare bishop} c4 {!}
38. bxc4 Bxa4 39. c5 Bb5+ 40. Kd1 Ba3 41. c6 Bd6 $14) 36. Bc4 $16 Bxc4 {
? Step 4. Suicide commited. Also wouldn't help '?!' Ribli.} (36... Bb7 {?} 37.
Nd3 (37. g3 $14) 37... Bxh2 38. Nxc5 Bc8 (38... Bc6 {Ribli} 39. Bd5 Bg1 40. Nd3
$16) 39. Kf2 Bf4 40. Ba6 $18 {but some chances for fihgt would leave}) (36...
Bc8 37. Nd3 Bxh2 38. Nxc5 Bg1 39. Nd3 $16) 37. bxc4 {'+/-' Ribli. Ribli:
'Jetzt haben wir ein typisches Endspiel zum Thema: "guter Springer gegen
schlechter Läufer" vor uns. Der schwarze Läufer muss in diesem Endspiel eine
passive Rolle spielen. '} Bc1 (37... Bxh2 $2 {Ribli} 38. Nd3 (38. Nh3 $5 Bf4 (
38... h5 39. g3 {[%cal Rf3g2,Rg2h2]} h4 40. gxh4 $18) 39. Nxf4 exf4 40. Kxf4
$18) 38... Bg1 39. Nc1 $16 {[%cal Rc1b3,Rb3a5]}) (37... Bd2 {Ribli} 38. Nd3 Bb4
39. Kg4 $16 {Und Weiß spielt - wie in der Partie - Kh5 nebst g4-h4-g5.}) 38.
Nd3 Ba3 39. Kg4 $18 {Now when both black pieces are busy white easy oges for
his winning plan: Kh5,g4,h4,g5 with lhe later capture of the e5 and c5 pawns.}
Kh7 40. Kh5 Kg7 41. h4 Bb4 42. g4 {Ribli: 'Weiß bereitet den Durchbruch g4-g5
vor, Schwarz kann nur abwarten.'} Ba3 43. g5 hxg5 44. hxg5 fxg5 (44... Bb4 45.
g6 Ba3 (45... fxg6+ 46. fxg6 Ba3 47. Ne1 Bc1 48. Nf3 Be3 49. Nh4 $18) 46. gxf7
Kxf7 47. Kh6 Bb4 48. Kh7 $18 {/\Nf2-g4-h6}) 45. Nxe5 f6 46. Nd7 (46. Nc6 Bb4)
46... Kf7 47. e5 fxe5 48. Kxg5 Bc1+ 49. Kg4 e4 50. Nxc5 e3 51. Kf3 Kf6 52. Nb3
{Beside the fact that black lost on time his position is hopeless. After
loosing both pawns white king will come to c3 and the speculation with the
idea of queenning the a pawn will help white win.} 1-0

[Event "Hastings Masters op 86th"]
[Site "Hastings"]
[Date "2010.12.29"]
[Round "2"]
[White "Prasanna Raghuram, Rao"]
[Black "Kotronias, Vasilios"]
[Result "1-0"]
[WhiteElo "2400"]
[BlackElo "2591"]
[Annotator "CB"]
[PlyCount "61"]
[EventDate "2010.12.28"]
[EventType "swiss"]
[EventRounds "9"]
[EventCountry "ENG"]
[SourceTitle "CBM 140 Extra"]
[Source "ChessBase"]
[SourceDate "2011.03.01"]
[SourceVersion "1"]
[SourceVersionDate "2011.03.01"]
[SourceQuality "1"]

1. e4 c5 2. Nf3 e6 3. d4 cxd4 4. Nxd4 a6 5. Nc3 Qc7 6. Be2 b5 7. O-O Bb7 8. Re1
Nc6 9. Nxc6 dxc6 10. e5 Rd8 11. Bd3 c5 12. Qe2 Ne7 13. Bg5 h6 14. Bh4 g5 15.
Bg3 h5 16. h3 c4 17. Be4 Nc6 18. Rad1 Bc5 19. Qf3 Rh6 20. h4 g4 21. Qf4 Rh8 22.
Rd6 $1 Rf8 23. Qh6 b4 24. Rxe6+ $1 Ne7 ({Or} 24... fxe6 25. Qxe6+ Qe7 26. Bg6+
Rf7 27. Bxf7+ Kf8 28. Ne4 {winning.}) 25. Rxe7+ $1 Qxe7 (25... Bxe7 {No better
is} 26. e6 Qc8 27. exf7+ Rxf7 28. Qh8+ Kd7 29. Rd1+ {and mate will soon be
forced.}) 26. Bxb7 Qxb7 27. Ne4 Qb6 28. e6 Bd4 29. Nf6+ Ke7 30. exf7+ Kxf7 31.
Qxh5+ 1-0

[Event "GMA Baleares op"]
[Site "Palma de Mallorca"]
[Date "1989.??.??"]
[Round "4"]
[White "Kupreichik, Viktor D"]
[Black "Sunye Neto, Jaime"]
[Result "1-0"]
[WhiteElo "2520"]
[BlackElo "2480"]
[Annotator "ChessBase"]
[PlyCount "45"]
[EventDate "1989.12.??"]
[EventType "swiss"]
[EventRounds "9"]
[EventCountry "ESP"]
[SourceTitle "TD"]
[Source "ChessBase"]
[SourceDate "1994.03.01"]
[SourceVersion "1"]
[SourceVersionDate "1994.03.01"]
[SourceQuality "1"]

1. e4 c5 2. Nc3 a6 3. Nf3 b5 4. d4 cxd4 5. Nxd4 Bb7 6. Bd3 e6 7. O-O Qc7 8. Qe2
Nc6 9. Nxc6 Qxc6 10. a4 b4 11. Nd5 Nf6 12. Bc4 Bd6 (12... Bc5 13. Bg5) 13. Rd1
Bc5 (13... Be5 14. f4 Bb8) 14. Bh6 $1 O-O-O 15. Bb5 $1 axb5 16. axb5 Qd6 (16...
Qxd5 17. exd5 gxh6 18. Qc4 d6 19. dxe6 Ne4 20. e7) 17. Nxf6 Qf8 18. Bxg7 $1
Qxg7 19. Qc4 d6 (19... Qf8 20. e5) 20. Rxd6 Qg5 21. Nd5 exd5 22. Qxc5+ Kb8 23.
Rc6 1-0

[Event "FRA-ch"]
[Site "Strasbourg"]
[Date "1992.??.??"]
[Round "1"]
[White "Marciano, David"]
[Black "Renet, Olivier"]
[Result "0-1"]
[WhiteElo "2415"]
[BlackElo "2530"]
[Annotator "ChessBase"]
[PlyCount "96"]
[EventDate "1992.08.??"]
[EventType "tourn"]
[EventRounds "15"]
[EventCountry "FRA"]
[EventCategory "7"]
[SourceTitle "EXT 1997"]
[Source "ChessBase"]
[SourceDate "1996.11.15"]
[SourceVersion "1"]
[SourceVersionDate "1996.11.15"]
[SourceQuality "1"]

1. e4 c5 2. Nf3 e6 3. d4 cxd4 4. Nxd4 a6 5. Nc3 Qc7 6. Bd3 b5 7. O-O Bb7 8. Re1
d6 9. Bg5 Nd7 10. a4 b4 11. Na2 Ngf6 12. Nxb4 Qc5 13. Bxf6 Nxf6 14. c3 Be7 15.
Qe2 Qc8 16. a5 O-O 17. Rec1 g6 18. Ndc2 Ra7 19. f3 Nh5 20. Qe3 Ra8 21. Bf1 Bd8
22. Rd1 Bc7 23. Na3 Qb8 24. g4 Nf6 25. Qd4 Nd7 26. Kh1 Ne5 27. Bg2 Rd8 28. Nc4
d5 29. exd5 Nxc4 30. Qxc4 exd5 31. Nxd5 Bxd5 32. Rxd5 Qxb2 33. Rad1 Rxd5 34.
Rxd5 Re8 35. Rd1 Qc2 36. Rg1 Bxa5 37. Qxa6 Qxc3 38. Qb5 Rd8 39. Qb1 Bc7 40. Qa1
Qe3 41. Rd1 Rb8 42. Qf6 Qe2 43. Ra1 Rb2 44. Ra8+ Bb8 45. Qd8+ Kg7 46. Qd4+ Be5
47. Qg1 Rd2 48. f4 Bd4 (48... Bd4 49. Qf1 Qxg2+ $1 50. Qxg2 Rd1+ 51. Qg1 Rxg1#)
0-1

[Event "Interzonal-16"]
[Site "Biel"]
[Date "1993.??.??"]
[Round "8"]
[White "Malisauskas, Vidmantas"]
[Black "Polgar, Judit"]
[Result "0-1"]
[WhiteElo "2540"]
[BlackElo "2630"]
[Annotator "ChessBase"]
[PlyCount "70"]
[EventDate "1993.07.16"]
[EventType "swiss"]
[EventRounds "13"]
[EventCountry "SUI"]
[SourceTitle "CBM 037"]
[Source "ChessBase"]
[SourceDate "1993.12.01"]
[SourceVersion "1"]
[SourceVersionDate "1993.12.01"]
[SourceQuality "1"]

1. e4 c5 2. Nf3 e6 3. Nc3 a6 4. d4 cxd4 5. Nxd4 Qc7 6. g3 Bb4 7. Nde2 Nf6 8.
Bg2 Nc6 9. Bf4 Qa5 (9... Qd8) 10. a3 (10. O-O O-O 11. a3 Be7 12. Bd6 $14 {
Malisauskas,V}) 10... Be7 11. b4 Qd8 12. Nd5 exd5 13. exd5 O-O 14. d6 Re8 15.
dxe7 Qxe7 16. Bf3 d5 17. O-O Bf5 $13 18. Nc3 Rad8 19. Bg2 d4 20. Na4 Nd5 21.
Bxd5 Rxd5 22. Nc5 h6 23. Qf3 Rxc5 24. bxc5 Qxc5 25. Rab1 Be4 26. Qg4 Bf5 27.
Qf3 g5 28. Bd6 Qxc2 29. Rxb7 Re6 30. Bb4 a5 31. g4 Bg6 32. Re1 Rxe1+ 33. Bxe1
Kg7 34. Rc7 Ne5 35. Qb7 Qd1 0-1

[Event "Montreal International"]
[Site "Montreal"]
[Date "1979.04.13"]
[Round "3"]
[White "Tal, Mihail"]
[Black "Ljubojevic, Ljubomir"]
[Result "1/2-1/2"]
[WhiteElo "2615"]
[BlackElo "2590"]
[Annotator "ChessBase"]
[PlyCount "61"]
[EventDate "1979.04.11"]
[EventType "tourn"]
[EventRounds "18"]
[EventCountry "CAN"]
[EventCategory "15"]
[SourceTitle "MCL"]
[Source "ChessBase"]
[SourceDate "1999.07.01"]
[SourceVersion "1"]
[SourceVersionDate "1999.07.01"]
[SourceQuality "1"]

1. e4 c5 2. Nf3 e6 3. d4 cxd4 4. Nxd4 a6 5. Nc3 b5 6. Bd3 Bb7 7. O-O Nc6 (7...
Ne7 8. Qh5 $14) (7... Qc7 8. Re1 Nc6 9. Nxc6 Bxc6 10. a4 b4 11. Nd5 $14) (7...
d6 $5 {Gligoric}) 8. Nxc6 $5 (8. Nb3 Nf6 9. f4 d6 10. Be3 Be7 11. Qf3 Qc7 $13)
8... Bxc6 9. Qe2 Nf6 (9... d6 10. a4 b4 11. Nd5 $1 a5 12. Bb5 $16 {
Karklins-Evans,L/USA/1973/}) 10. e5 Nd5 11. Nxd5 (11. Ne4 Nb4 $5 12. Bg5 Qb8 {
Tal}) 11... Bxd5 12. a4 Qa5 $6 (12... Qb8 $5 13. axb5 axb5 14. Rxa8 Qxa8 15. f4
$13) 13. Rd1 b4 14. Bf4 $5 (14. Be4 $142 Bxe4 15. Qxe4 Rb8 (15... Rc8 16. Qb7
$1) 16. Bg5 $16) 14... Qb6 15. Be4 $1 Bxe4 16. Qxe4 Rc8 $1 17. Rd2 Bc5 18. Rad1
O-O $1 19. Rxd7 (19. Qe2 Qc6 20. Rxd7 (20. b3 Rc7 $10) 20... Qxa4 $10) 19...
Bxf2+ 20. Kf1 Bc5 21. Rb7 (21. Qb7 $142 $1 $16 Qxb7 22. Rxb7 Rfd8 23. Rbd7 {
/\Ke2-}) 21... Qa5 22. b3 Rcd8 $10 23. Rdd7 Rxd7 24. Rxd7 Rd8 25. Rxd8+ Qxd8
26. Ke2 h6 27. Bd2 Qc7 28. g4 a5 29. h4 Be7 30. h5 Bg5 $1 31. Qa8+ 1/2-1/2

[Event "Cappelle op 14th"]
[Site "Cappelle la Grande"]
[Date "1998.??.??"]
[Round "2"]
[White "Bigaliev, Renat Damirovich"]
[Black "Chuchelov, Vladimir"]
[Result "0-1"]
[WhiteElo "2425"]
[BlackElo "2545"]
[Annotator "Chuchelov,V"]
[PlyCount "116"]
[EventDate "1998.02.21"]
[EventType "swiss"]
[EventRounds "9"]
[EventCountry "FRA"]
[SourceTitle "CBM 064"]
[Source "ChessBase"]
[SourceDate "1998.06.02"]
[SourceVersion "1"]
[SourceVersionDate "1998.06.02"]
[SourceQuality "1"]

1. e4 c5 2. Nc3 e6 3. Nge2 a6 4. d4 cxd4 5. Nxd4 b5 6. Bd3 Qb6 7. Nb3 Qc7 8.
O-O Bb7 9. Be3 Nf6 10. a3 Be7 11. f4 d6 12. Qf3 O-O 13. Qh3 Nbd7 14. Rae1 Rfe8
15. Nd4 Nc5 (15... Bf8 $5 16. Nf3 (16. Kh1 $5 Nc5 17. Bg1 $13) 16... Nc5 17.
Bd2 (17. Bd4 e5 18. fxe5 dxe5 19. Be3 Nxd3 20. cxd3 Bxa3) 17... d5 18. e5 Nfe4
19. Nxe4 dxe4 20. Ng5 h6 21. Nxe4 Nxe4 22. Bxe4 Bxe4 23. Rxe4 Qxc2 $17) 16. Bf2
d5 17. e5 Nfe4 18. Bxe4 $1 Nxe4 (18... dxe4 19. b4 $1 Nd3 20. Ncxb5 axb5 21.
cxd3 exd3 22. Qxd3 $16) 19. Nxe4 dxe4 20. Be3 Bd5 21. Rd1 Bf8 22. Qg3 g6 23.
Rf2 Bg7 24. Rfd2 Red8 25. Ne2 $5 a5 $5 (25... Bb7 26. Bd4 Rac8 27. Qe3 $14) 26.
Qf2 Rdc8 27. Nc3 Bc6 28. Bc5 Qb7 29. Qe3 $6 (29. b4 axb4 30. axb4 h6 $1 $13)
29... b4 30. axb4 axb4 31. Ne2 Bd5 32. Bd6 Ra2 $1 33. Rb1 (33. f5 gxf5 34. Ng3
h6 $1 35. Nh5 Kh7 $13) 33... Qa6 $1 $15 34. Bxb4 Rxb2 35. Rxb2 Qa1+ 36. Kf2
Qxb2 37. c3 Qa1 38. Rc2 h6 39. Bc5 Bc4 40. Bd4 Bd3 41. Qc1 Qa4 42. Rd2 (42. Rb2
$2 Bxe2 43. Rxe2 Qxd4+ $19) 42... Bf8 43. Qb2 Ra8 44. Qb7 Qa1 45. Qb2 (45. c4
$2 Qa4 $17) 45... Qh1 46. Kg3 Qf1 (46... Bc4 47. Ng1) 47. Nc1 Bc4 48. Rf2 Qd1
49. Qc2 Qe1 50. Qd2 Qh1 51. Be3 Ra1 52. Kh3 (52. Qb2 Ra8 53. Qd2 Be7 $1 54. Qd4
$140 Bh4+ 55. Kxh4 Qxh2+ 56. Kg4 g5 $1 57. g3 h5+ 58. Kxg5 Qxg3+ 59. Kxh5 Kg7
$19) 52... h5 $1 {xg4} 53. f5 $2 $138 (53. Qd4 Qe1 54. Bd2 Qd1 $1 {xg4}) 53...
exf5 54. Qd8 f4 55. Bc5 Be6+ 56. g4 $140 fxg3+ 57. Kxg3 Qg1+ 58. Kf4 Qxc1+ $19
0-1

[Event "Lost Boys op"]
[Site "Antwerp"]
[Date "1999.07.31"]
[Round "2"]
[White "Timmerman, Gert Jan"]
[Black "Chuchelov, Vladimir"]
[Result "1/2-1/2"]
[WhiteElo "2320"]
[BlackElo "2535"]
[Annotator "Chuchelov,V"]
[PlyCount "102"]
[EventDate "1999.07.30"]
[EventType "swiss"]
[EventRounds "9"]
[EventCountry "BEL"]
[SourceTitle "EXT 2000"]
[Source "ChessBase"]
[SourceDate "1999.11.16"]
[SourceVersion "1"]
[SourceVersionDate "1999.11.16"]
[SourceQuality "1"]

1. e4 c5 2. Nf3 e6 3. d4 cxd4 4. Nxd4 a6 5. Nc3 b5 6. Bd3 Qb6 7. Nb3 Qc7 8. O-O
Bb7 9. a3 Nf6 10. Bg5 Be7 11. Qe2 d6 12. f4 Nbd7 13. Kh1 h6 (13... Rc8 14. Rad1
$140 O-O $13 (14... h6 15. Bh4 Nxe4 16. Bxe4 Bxh4 17. f5 $36)) 14. Bh4 Rc8 $5 (
14... Nxe4 15. Bxe4 (15. Nxb5 axb5 16. Bxe7 Kxe7 17. Bxe4 Bxe4 18. Qxe4 Nf6)
15... Bxh4 16. f5 e5 17. Rad1 $44) 15. Nd4 (15. Rad1 $5 O-O $13) 15... Qc5 $1
16. Rae1 $5 Qh5 17. Qxh5 Nxh5 18. Bxe7 Kxe7 $15 19. a4 bxa4 (19... b4 $5 20.
Nd5+ $5 (20. Na2 a5 21. Nb3 Ra8) 20... exd5 21. Nf5+ Kf8 22. Nxd6 Rc7 23. exd5
(23. e5 g6 24. f5 g5 25. e6 Nc5) 23... Nhf6 24. Nxb7 Rxb7 25. Bxa6 Ra7 26. Bb5
Nxd5 $15) 20. Nxa4 g5 21. f5 Nhf6 (21... Nf4) 22. fxe6 fxe6 23. Nc3 Rhf8 24.
Kg1 Ne5 25. Nf3 Nfd7 26. Nxe5 Nxe5 27. Rxf8 Rxf8 28. Ra1 Rb8 29. Ra2 Bc8 30. h3
Rb6 31. Kf2 h5 32. Ke3 h4 33. Ne2 Ng6 34. b3 Bb7 35. Ra4 Kf6 36. Rc4 Bc6 37.
Nd4 Ne5 38. Rc3 Ke7 39. Bc4 Bd7 40. Be2 Kd8 41. Nf3 Nxf3 42. Bxf3 e5 43. Be2 a5
44. Bd3 Rb7 45. Bc4 Rc7 46. Rd3 Ke7 47. Rd1 Be6 48. Bd3 Rc5 49. Rf1 Rc8 50. Ra1
Rc5 51. Rf1 Rc8 1/2-1/2